00503nam a2200193Ii 450000100060000000300090000600800410001502000150005604000330007104100080010408200190011210000250013124500160015626400440017230000120021633600260022833700280025433800270028214154CO-ViMGA241108s9999||||xx |||||||||||||| ||und|| a9589670164 aCO-ViMGAbspaerdacCO-ViMGA0 aspa04aCo863.6 - T67m1 aPaso al Arte, d199810aMinicuentos 1aBogotá, Colombia : Panamericana, 1999 avolumen atextbtxt2rdacontent aunmediatedbn2rdamedia avolumebnc2rdacarrier